Представление документа в формате RUSMARC

ПолеНазваниеЗначение
  Тип записи a
  Библиографический уровень a
001 Контрольный номер UONB/MAIN/c8be7666fa31404ea585ac8ebd9fb80d
005 Дата корректировки 20260426121357.6
100 Данные общей обработки __
a Данные общей обработки 20260418 ||| 0rusy0189 ca
101 Язык документа 0_
a Язык текста rus
102 Страна публикации __
a Страна публикации RU
200 Заглавие и сведения об ответственности 1_
a Заглавие О кибербезопасности и киберустойчивости автомобилей нового поколения
f Первые сведения об ответственности Н. А. Салокина, Н. С. Занин, С. А. Петренко
d Параллельное заглавие About Cybersecurity and Cyber Resilience of New Generation Cars
z Язык параллельного заглавия eng
203 Вид содержания и тип средства __
a Вид содержания Текст
b Характеристика содержания визуальный
c Тип средства непосредственный
215 Физическое описание __
c Иллюстрации/тип воспроизводства ил.
225 Серия 1_
a Серия Безопасность компьютерных систем
320 Библиография __
a Библиография Библиогр.: с. 67 (24 назв.)
330 Аннотация __
a Аннотация В настоящей статье проводится системный анализ проблемы построения киберустойчивых систем управления современными атомобилями, в том числе на основе развития известной архитектуры AUTOSAR Adaptive, и предлагаются возможные пути повышения ее киберустойчивости. Результаты исследования могут быть использованы для создания перспективных систем управления автомобилями нового поколения.
461 Уровень набора _0
1 2000
a Защита информации. Инсайд
463 Уровень физической единицы _0
1 2000
a № 1 (127)
v С. 58-67
1 2101
d 2026
1 001UONB/MAIN/96296b5e750c43999054545b1984b11e
606 Тематические рубрики 0_
a Основная рубрика Информатика
606 Тематические рубрики 0_
a Основная рубрика Информатизация общества. Информационная политика
610 Ключевые слова 0_
a Ключевые слова киберустойчивость
610 Ключевые слова 0_
a Ключевые слова угрозы безопасности
610 Ключевые слова 0_
a Ключевые слова модель нарушителя
686 Индексы других классификаций __
2 Код системы rubbk
700 Автор _1
a Фамилия Салокина
b Имя (инициалы) Н. А.
g Полное личное имя Наталья Андреевна
p Наименование/ адрес организации Научно-технологический университет "Сириус"
4 Код отношения 070
701 Альтернативная интеллектуальная ответственность _1
a Фамилия Занин
b Имя (инициалы) Н. С.
4 Код отношения 070
g Полное личное имя Никита Сергеевич
p Наименование/ адрес организации Научно-технологический университет "Сириус"
701 Альтернативная интеллектуальная ответственность _1
a Фамилия Петренко
b Имя (инициалы) С. А.
4 Код отношения 070
g Полное личное имя Сергей Анатольевич
p Наименование/ адрес организации Научно-технологический университет "Сириус"
790 Имя лица - альтернативная форма _1
a Имя лица - альтернативная форма Salokina
b Имя (инициалы) N. A.
4 Код отношения 070
790 Имя лица - альтернативная форма _1
a Имя лица - альтернативная форма Zanin
b Имя (инициалы) N. S.
4 Код отношения 070
790 Имя лица - альтернативная форма _1
a Имя лица - альтернативная форма Petrenko
b Имя (инициалы) S. A.
4 Код отношения 070
c Титул (звания) PhD (Eng., Grand Doctor)
c Титул (звания) Full Professor
801 Источник записи _0
a Страна RU
b Организация Ульяновская ОНБ
c Дата составления 20260418
g Правила каталогизации RCR
801 Источник записи _1
a Страна RU
b Организация Ульяновская ОНБ
c Дата составления 20260418
g Правила каталогизации RCR
901 Тип документа __
t Тип документа b
w Контрольный № источника UONB/MAIN/96296b5e750c43999054545b1984b11e